000 01297nam a22002777a 4500
005 20100706121620.0
008 100706t xxu||||| |||| 00| 0 eng d
010 _aENG-96360
020 _a9780070703636
_c595.00
020 _a00703639
_c595.00
035 _aEN-79893
037 _bDBAD/PUB
040 _adpl
_bEng
082 _a 658.054678
100 _aGreen, Emily Nagle.
245 _aAnywhere :
_bhow global connectivity is revolutionizing the way we do business /
_cby Emily Nagle Green.
260 _aNew Delhi
_bTata McGraw Hill
_c2010
270 _a7, West Patel Nagar
_bNew Delhi
_e110008
300 _axvi, 281 p. :
_c24 cm.(Hb)
_bill., maps
500 _aIncludes bibliographical references and index.
505 _aThe anywhere revolution -- Going from somewhere to anywhere -- Anywhere : where and when? -- The emerging portability of experience -- Meet the anywhere consumer of the future -- Our anywhere appetites -- The anywhere consumer goes to work -- The enterpri
650 _aGlobalization
_xEconomic aspects.
650 _aTelecommunication systems.
942 _2ddc
_cEN
_h658.054678
_mGRE
999 _c36815
_d36815